000 00722nam a22002175i 4500
999 _c57761
_d57761
001 19586587
005 20201105130919.0
008 170406s2017 nyu 000 0 eng
010 _a 2017939056
020 _a9780198789130 (pbk.)
041 _aeng
080 _a341.24 B-24
245 0 0 _aEuropean union law /
_c[edited by] Prof Catherine Barnard, Steve Peers.
264 1 _aNew York, NY :
_bOxford University Press,
_c2017.
300 _a853 p.
_b24 cm.
653 _aევროპის ქვეყნები
653 _aსამართალი
700 _aBarnard, Catherine
_eრედაქტორი
_99705
700 _aPeers, Steve
_eრედაქტორი
_99706
942 _2udc
_cBK